Partnership of equals practical strategies for healthcare CEOs and their boards /

Bibliographic Details
Main Author: McGinn, Peter.
Corporate Author: ProQuest (Firm)
Format: Electronic eBook
Language:English
Published: Chicago : Health Administration Press, c2009.
Series:Management series (Ann Arbor, Mich.)
Subjects:
Online Access:Click to View
LEADER 02015nam a22004214a 4500
001 EBC3301771
003 MiAaPQ
005 20200520144314.0
006 m o d |
007 cr cn|||||||||
008 080922s2009 ilua sb 001 0 eng
010 |z  2008041475 
016 7 |z 101484960  |2 DNLM 
020 |z 9781567933116 
020 |z 1567933114 
035 |a (MiAaPQ)EBC3301771 
035 |a (Au-PeEL)EBL3301771 
035 |a (CaPaEBR)ebr10309183 
035 |a (OCoLC)647816405 
040 |a MiAaPQ  |c MiAaPQ  |d MiAaPQ 
050 4 |a RA971  |b .M248 2009 
082 0 4 |a 362.11068/3  |2 22 
100 1 |a McGinn, Peter. 
245 1 0 |a Partnership of equals  |h [electronic resource] :  |b practical strategies for healthcare CEOs and their boards /  |c Peter McGinn. 
260 |a Chicago :  |b Health Administration Press,  |c c2009. 
300 |a xviii, 155 p. :  |b ill. 
490 1 |a ACHE management series 
504 |a Includes bibliographical references and index. 
505 0 |a Board selection -- Physicians on boards -- The chair and the executive committee -- CEO board participation, succession planning, and selection -- Defining purpose and setting direction -- Measurement : establishing and maintaining standards -- Board appraisal and development -- CEO appraisal and development -- Managing problems and crises -- Building relationships -- Board meetings -- Maximizing participation and contributions -- Making decisions -- System and subsidiary boards -- Conclusion. 
533 |a Electronic reproduction. Ann Arbor, MI : ProQuest, 2015. Available via World Wide Web. Access may be limited to ProQuest affiliated libraries. 
650 0 |a Health facilities  |x Administration. 
650 0 |a Chief executive officers. 
650 0 |a Hospital administrators. 
650 0 |a Hospital trustees. 
655 4 |a Electronic books. 
710 2 |a ProQuest (Firm) 
830 0 |a Management series (Ann Arbor, Mich.) 
856 4 0 |u https://ebookcentral.proquest.com/lib/matrademy/detail.action?docID=3301771  |z Click to View